000 01174nam a2200229 i 4500
001 18390
003 ES-MaACL
005 20230906151827.0
007 t|
008 011214m19711975sp |||| | spa d
080 _a946"18/19"(093.2)
245 0 0 _aBases documentales de la España contemporánea /
_cMª Carmen García-Nieto, Javier Mª Donezar, Luis López Puerta...
260 _aMadrid :
_bGuadiana de Publicaciones,
_c1971-1975.
300 _av.<1-7, 11> ;
_c24 cm.
505 8 _aContiene: V. 1. Revolución y reacción, 1808-1833 -- v. 2. Moderados y progresistas, 1833-1868 -- v. 3. El liberalismo democrático, 1868-1874 -- v. 4. Restauración y desastre, 1874-1898 -- v. 5. La crisis del sistema canovista, 1898-1923 -- v. 6. Expansión económica y luchas sociales, 1898-1923 -- v. 7. La Dictadura, 1923-1930 -- v. 11. La España de Franco, 1939-1973
651 4 _aEspaña-
_xHistoria-
_yS.XIX-
_vFuentes.
_98355
651 4 _aEspaña-
_xHistoria-
_yS.XX-
_vFuentes.
_98364
700 1 _aGarcía-Nieto, María Carmen.
_955031
700 1 _aDonézar Díez de Ulzurrun, Javier María.
_945312
700 1 _aLópez Puerta, Luis.
_973903
852 _aES-MaACL
_jP-1581
999 _c18390
_d18390